[Event "AUTO-OPEN-2978"]
[Site "http://www.queenalice.com/game.php?id=1205168"]
[Date "2013.8.4"]
[Round "2"]
[White "kilmison"]
[Black "agjjr"]
[Result "1/2-1/2"]
[WhiteElo "2082"]
[BlackElo "1863"]

1. d4 d5 2. c4 c6 3. c5 b6 4. b4 a5 5. Qa4 Ba6 6. Bd2 Bb5 7. Qa3 Nd7 8. Nf3 axb4
9. Qxb4 bxc5 10. dxc5 e5 11. Nc3 Bxc5 12. Qg4 g6 13. Nxb5 cxb5 14. e3 Ngf6 15.
Qg5 b4 16. Nxe5 b3 17. Bc3 Rxa2 18. Bb5 O-O 19. Nxd7 Nxd7 20. Qxd5 Rxa1+ 21.
Bxa1 Bb4+ 22. Ke2 Nc5 23. Qxd8 Rxd8 24. Bd4 Ne6 25. Rd1 Nxd4+ 26. exd4 b2 27.
Kd3 Rc8 28. Rb1 Ba3 29. Bc4 Rb8 30. Kc3 Kg7 31. d5 Kf6 32. d6 Bxd6 33. Rxb2 Rxb2
34. Kxb2 Bxh2 35. g3 Bg1 36. f3 Bh2 37. g4 Kg7 38. Bd3 Kh6 39. Kc2 Kg5 1/2-1/2

[Event "AUTO-ADV-2848"]
[Site "http://www.queenalice.com/game.php?id=1218235"]
[Date "2013.9.19"]
[Round "2"]
[White "agjjr"]
[Black "Espechess"]
[Result "0-1"]
[WhiteElo "1890"]
[BlackElo "2093"]

1. e4 c5 2. Nf3 e6 3. d4 cxd4 4. Nxd4 Nc6 5. Be3 Nf6 6. Nd2 a6 7. Bd3 Be7 8. O-O
O-O 9. c3 Qc7 10. N2f3 b5 11. Qc2 Ng4 12. h3 Nxe3 13. fxe3 Bb7 14. Rad1 Rac8 15.
Rd2 Ne5 16. Nxe5 Qxe5 17. Nf3 Qc5 18. Re1 f5 19. exf5 exf5 20. Nd4 g6 21. e4 Bf6
22. Qb3+ Kh8 0-1

[Event "AUTO-ADV-2848"]
[Site "http://www.queenalice.com/game.php?id=1218236"]
[Date "2013.9.19"]
[Round "2"]
[White "Espechess"]
[Black "agjjr"]
[Result "1-0"]
[WhiteElo "2116"]
[BlackElo "1849"]

1. e4 c5 2. Nf3 Nc6 3. d4 cxd4 4. Nxd4 d6 5. Nc3 Nf6 6. Be2 g6 7. Be3 Nxd4 8.
Bxd4 Bg7 9. Qd2 Be6 10. O-O O-O 11. f4 Ne8 12. Bxg7 Kxg7 13. Rad1 Rc8 14. Qd4+
Kg8 15. Qxa7 b6 16. Qa6 Qc7 17. Qb5 Qc5+ 18. Qxc5 dxc5 19. a3 Nd6 20. e5 Nf5 21.
Kf2 Nd4 22. Bd3 f6 23. exf6 exf6 24. Nb5 Nxb5 25. Bxb5 Kg7 26. Rfe1 1-0

[Event "AUTO-ADV-2848"]
[Site "http://www.queenalice.com/game.php?id=1218237"]
[Date "2013.9.19"]
[Round "2"]
[White "agjjr"]
[Black "rpalmero"]
[Result "0-1"]
[WhiteElo "1844"]
[BlackElo "1963"]

1. e4 c5 2. Nf3 e6 3. Nc3 a6 4. d4 cxd4 5. Nxd4 Qc7 6. Be3 Nf6 7. Bd3 Nc6 8. Qd2
Bd6 9. f4 Nxd4 10. Bxd4 Bxf4 11. Be3 Bxh2 12. O-O-O b5 13. Ne2 Be5 14. g3 Bb7
15. Bf4 Nxe4 16. Bxe5 Qxe5 17. Bxe4 Bxe4 18. Qxd7+ Kf8 19. Rhf1 f6 20. Nf4 Bf5
21. Rfe1 Qc5 22. Nxe6+ Bxe6 23. Rxe6 a5 24. Rde1 Qc8 25. Re7 Qxd7 26. Rxd7 g6
27. Ree7 h6 28. Ra7 Rxa7 29. Rxa7 a4 30. Rb7 h5 31. Rxb5 h4 32. gxh4 Rxh4 0-1

[Event "AUTO-ADV-2848"]
[Site "http://www.queenalice.com/game.php?id=1218238"]
[Date "2013.9.19"]
[Round "2"]
[White "rpalmero"]
[Black "agjjr"]
[Result "1-0"]
[WhiteElo "1938"]
[BlackElo "1926"]

1. c4 e5 2. Nc3 Nf6 3. e3 d5 4. cxd5 Nxd5 5. a3 a6 6. Nf3 Nc6 7. Qc2 Be6 8. b3
Bd6 9. Bb2 Nf6 10. h3 O-O 11. Bd3 Na5 12. b4 Nb3 13. Rd1 a5 14. b5 Nd5 15. Bxh7+
Kh8 16. Bf5 Bxf5 17. Qxf5 Qf6 18. Qh5+ 1-0

[Event "AUTO-ADV-2848"]
[Site "http://www.queenalice.com/game.php?id=1218239"]
[Date "2013.9.19"]
[Round "2"]
[White "agjjr"]
[Black "guy92"]
[Result "1-0"]
[WhiteElo "1910"]
[BlackElo "1932"]

1. e4 e5 2. Nf3 Nc6 3. Bc4 h6 4. Nc3 Nf6 5. d4 exd4 6. Nxd4 Bc5 7. Be3 Nxd4 8.
Bxd4 Qe7 9. Nd5 Qxe4+ 10. Qe2 Qxe2+ 11. Bxe2 Nxd5 12. Bxc5 d6 13. O-O-O Nf4 14.
Bb5+ c6 15. Bxd6 Nxg2 16. Rhg1 Bh3 17. Bf1 O-O-O 18. Bxg2 Bxg2 19. Rxg2 g6 20.
Rg3 h5 21. Rf3 f5 22. Rg3 Rhg8 23. c4 g5 24. c5 h4 25. Rg2 Rde8 26. Kd2 h3 27.
Rg3 g4 28. Rdg1 b6 29. b4 Re4 30. a3 Rge8 31. Re3 Rxe3 32. fxe3 b5 33. Rf1 Rg8
34. Rxf5 Kb7 35. Ke2 Rg7 36. Kf2 Kc8 37. Kg3 Kd7 38. Rf4 Ke6 39. Rxg4 Rxg4+ 40.
Kxg4 Kd5 41. Kxh3 Ke4 42. Kg4 Kxe3 43. h4 1-0

[Event "AUTO-ADV-2848"]
[Site "http://www.queenalice.com/game.php?id=1218240"]
[Date "2013.9.19"]
[Round "2"]
[White "guy92"]
[Black "agjjr"]
[Result "0-1"]
[WhiteElo "1953"]
[BlackElo "1872"]

1. d4 d5 2. c4 c6 3. cxd5 cxd5 4. Nc3 Nf6 5. Bf4 Nc6 6. Nf3 g6 7. Nb5 Qa5+ 8.
Nc3 Ne4 9. Qc2 Nb4 10. Qb3 Bf5 11. e3 Nxc3 12. Rc1 Ncxa2 13. Rd1 Nc2+ 14. Ke2 e5
15. dxe5 Bb4 16. Rxd5 Nc1+ 17. Kd1 Nxb3 18. Rxa5 Rd8+ 19. Nd4 Bxa5 20. Bc4 Ncxd4
21. Bxb3 Nxb3+ 22. Ke2 Bg4+ 23. f3 Rd2+ 24. Ke1 Rxg2+ 25. Kf1 Bxf3 26. Bg3 O-O
0-1

[Event "AUTO-INT-2634"]
[Site "http://www.queenalice.com/game.php?id=1219235"]
[Date "2013.9.23"]
[Round "2"]
[White "Antoniel_Barbosa"]
[Black "agjjr"]
[Result "1-0"]
[WhiteElo "2274"]
[BlackElo "1868"]

1. e4 c5 2. d4 cxd4 3. Qxd4 Nc6 4. Qa4 Nf6 5. Be2 g6 6. Nf3 d6 7. O-O Bg7 8. e5
Nd5 9. exd6 Qxd6 10. Rd1 Nb6 11. Qb5 Qc7 12. Nc3 O-O 13. a4 Bxc3 14. bxc3 Be6
15. Bh6 Rfd8 16. Ng5 a6 17. Nxe6 Rxd1+ 18. Rxd1 axb5 19. Nxc7 1-0

[Event "AUTO-INT-2634"]
[Site "http://www.queenalice.com/game.php?id=1219236"]
[Date "2013.9.23"]
[Round "2"]
[White "agjjr"]
[Black "Antoniel_Barbosa"]
[Result "0-1"]
[WhiteElo "1864"]
[BlackElo "2276"]

1. e4 e5 2. Nf3 Nc6 3. Bc4 Bc5 4. Nc3 Qf6 5. Nd5 Qd8 6. O-O Nf6 7. Nc3 O-O 8. d3
Na5 9. Na4 Be7 10. b3 c6 11. Nxe5 d5 12. b4 dxc4 13. Nb2 Bxb4 14. Nbxc4 Nxc4 15.
Nxc4 Bg4 16. f3 Be6 17. Ne3 Qd4 18. Rb1 Bxa2 0-1

[Event "AUTO-INT-2634"]
[Site "http://www.queenalice.com/game.php?id=1219237"]
[Date "2013.9.23"]
[Round "2"]
[White "Quiaseze"]
[Black "agjjr"]
[Result "0-1"]
[WhiteElo "1796"]
[BlackElo "1915"]

1. e4 c5 2. Bc4 Nc6 3. Qf3 Ne5 4. Qc3 d6 5. d3 g6 6. Bf4 Bg7 7. Ne2 Nf3+ 8. gxf3
Bxc3+ 9. Nexc3 Qb6 10. b3 Nf6 11. Na3 Qb4 12. Nb5 O-O 13. Bd2 Qa5 14. Nd5 Qd8
15. Bh6 Nxd5 16. Bxf8 Kxf8 17. Bxd5 Qa5+ 18. Ke2 Qxb5 19. c4 Qa5 20. Rhg1 e6 21.
a3 exd5 22. b4 cxb4 23. axb4 Qxb4 24. Rgb1 Qc3 25. Rc1 Qe5 26. h4 dxe4 27. fxe4
Qh5+ 28. f3 Qxh4 29. Rh1 Qf6 30. Rxh7 Qxa1 0-1

[Event "AUTO-INT-2634"]
[Site "http://www.queenalice.com/game.php?id=1219238"]
[Date "2013.9.23"]
[Round "2"]
[White "agjjr"]
[Black "Quiaseze"]
[Result "1-0"]
[WhiteElo "1904"]
[BlackElo "1786"]

1. e4 e5 2. Nf3 Qf6 3. Nc3 c6 4. Bc4 b5 5. Bb3 a5 6. a3 Bc5 7. O-O d6 8. d3 h6
9. Be3 Bxe3 10. fxe3 Nd7 11. Nd4 Qg5 12. Bxf7+ Kd8 13. Nxc6+ Kc7 14. Bd5 Ra6 15.
Nxb5+ Kb7 16. Nxe5+ Kb6 17. Nxd7+ Bxd7 18. Nc3 Nf6 19. Qe2 Bg4 20. Qf2 Rf8 21.
Qf4 Kc5 22. d4+ Kb6 23. Qxd6+ Ka7 24. Nb5# 1-0

[Event "AUTO-INT-2618"]
[Site "http://www.queenalice.com/game.php?id=1227052"]
[Date "2013.10.24"]
[Round "2"]
[White "Modaste"]
[Black "agjjr"]
[Result "1-0"]
[WhiteElo "2107"]
[BlackElo "1828"]

1. e4 c5 2. Nf3 d6 3. Be2 Nc6 4. O-O Nf6 5. Nc3 Be6 6. d4 cxd4 7. Nxd4 Nxd4 8.
Qxd4 g6 9. Be3 Bg7 10. Nd5 O-O 11. Nxf6+ Bxf6 12. Qb4 Qc7 13. c3 b6 14. Bd4 Bxd4
15. cxd4 Rac8 16. h3 Qb7 17. Bf3 1-0

[Event "AUTO-INT-2618"]
[Site "http://www.queenalice.com/game.php?id=1227053"]
[Date "2013.10.24"]
[Round "2"]
[White "agjjr"]
[Black "Modaste"]
[Result "0-1"]
[WhiteElo "1833"]
[BlackElo "2103"]

1. e4 e6 2. Nf3 d5 3. exd5 exd5 4. d4 Bd6 5. Nc3 Ne7 6. Be3 O-O 7. Bd3 c6 8. h3
Nd7 9. O-O Nf6 10. Ne2 Bc7 11. Qd2 Ng6 12. Nf4 Re8 13. Nxg6 hxg6 14. Ng5 Ne4 15.
Bxe4 dxe4 16. f3 exf3 0-1

[Event "AUTO-INT-2618"]
[Site "http://www.queenalice.com/game.php?id=1227054"]
[Date "2013.10.24"]
[Round "2"]
[White "Antoniel_Barbosa"]
[Black "agjjr"]
[Result "1-0"]
[WhiteElo "2275"]
[BlackElo "1866"]

1. e4 c5 2. Nc3 Nc6 3. g3 d6 4. Bg2 g6 5. Nf3 Bg7 6. O-O Be6 7. Nd5 Nf6 8. Nxf6+
Bxf6 9. d3 O-O 10. Bh6 Bg7 11. Qd2 Qd7 12. Bxg7 Kxg7 13. Ng5 1-0

[Event "AUTO-INT-2618"]
[Site "http://www.queenalice.com/game.php?id=1227055"]
[Date "2013.10.24"]
[Round "2"]
[White "agjjr"]
[Black "Antoniel_Barbosa"]
[Result "0-1"]
[WhiteElo "1862"]
[BlackElo "2277"]

1. e4 e5 2. Nf3 Nc6 3. Bc4 d6 4. h3 Be7 5. d3 Nf6 6. Be3 Na5 7. Nfd2 O-O 8. O-O
Nxc4 9. Nxc4 b5 10. Ncd2 d5 11. exd5 Nxd5 12. Nf3 f6 0-1

[Event "AUTO-INT-2624"]
[Site "http://www.queenalice.com/game.php?id=1232008"]
[Date "2013.11.12"]
[Round "2"]
[White "agjjr"]
[Black "ratorei"]
[Result "0-1"]
[WhiteElo "1823"]
[BlackElo "2143"]

1. e4 c5 2. Nf3 Nc6 3. Bc4 e6 4. Nc3 Nf6 5. O-O d5 6. exd5 exd5 7. Bb5 Bd7 8. d3
Be7 9. Bf4 O-O 10. Re1 Nh5 11. Nxd5 Nxf4 12. Nxf4 Bf6 13. c3 a6 14. Ba4 b5 15.
Bc2 Bf5 16. Qd2 g6 17. Rad1 Qc7 18. Qe3 c4 0-1

[Event "AUTO-INT-2624"]
[Site "http://www.queenalice.com/game.php?id=1232009"]
[Date "2013.11.12"]
[Round "2"]
[White "ratorei"]
[Black "agjjr"]
[Result "1-0"]
[WhiteElo "2145"]
[BlackElo "1820"]

1. e4 c5 2. Nf3 d6 3. d4 cxd4 4. Nxd4 Nc6 5. Be3 g6 6. g3 Bg7 7. Bg2 Nf6 8. Nc3
O-O 9. O-O Nxd4 10. Bxd4 Be6 11. e5 dxe5 12. Bxe5 Qb6 13. Rb1 Rfd8 14. Qe1 Ng4
15. Bxg7 Kxg7 16. h3 Nf6 17. Qe3 Rd6 18. Rfe1 Rad8 19. Qxb6 1-0

[Event "AUTO-INT-2624"]
[Site "http://www.queenalice.com/game.php?id=1232010"]
[Date "2013.11.12"]
[Round "2"]
[White "agjjr"]
[Black "guy92"]
[Result "0-1"]
[WhiteElo "1882"]
[BlackElo "1943"]

1. e4 e5 2. Nf3 Nc6 3. Nc3 Nf6 4. Bc4 h6 5. O-O Bc5 6. d3 d6 7. h3 Kd7 8. Bxf7
Ke7 9. Bc4 Nd4 10. Be3 Qe8 11. Nxd4 exd4 12. Nd5+ Nxd5 13. Bxd5 dxe3 14. fxe3
Bxe3+ 15. Kh1 Bg5 16. e5 dxe5 0-1

[Event "AUTO-INT-2624"]
[Site "http://www.queenalice.com/game.php?id=1232011"]
[Date "2013.11.12"]
[Round "2"]
[White "guy92"]
[Black "agjjr"]
[Result "1-0"]
[WhiteElo "1997"]
[BlackElo "1860"]

1. d4 d5 2. c4 c6 3. cxd5 cxd5 4. Nf3 Bg4 5. Ne5 Nf6 6. Nxg4 Nxg4 7. e4 Nf6 8.
e5 Nfd7 9. Nc3 e6 10. Bd3 Nc6 11. Be3 Qb6 12. Bb5 Bb4 13. Bxc6 bxc6 14. Qc2 O-O
15. O-O f6 16. Ne2 Rac8 17. exf6 Rxf6 18. a3 1-0